000
00324nam a2200133Ia 4500
005
20251222151306.0
008
251222s9999||||xx |||||||||||||| ||spa||
082
_a
330.9/V62
100
_a
Vicens Vives, Jaime
245
0
_a
Coyuntura Económica y Reformismo Burgués
250
_a
1ra.ed.
264
_b
Ariel
942
_c
LIB
999
_c
23161
_d
23161